La nueva inflación / (Registro nro. 12204)

Detalles MARC
000 -LEADER
fixed length control field 01022nam a2200265Ia 4500
003 - CONTROL NUMBER IDENTIFIER
control field OSt
005 - DATE AND TIME OF LATEST TRANSACTION
control field 20210817124154.0
008 - FIXED-LENGTH DATA ELEMENTS--GENERAL INFORMATION
fixed length control field 210310s1974 sp ad gr 000 0 spa d
020 ## - INTERNATIONAL STANDARD BOOK NUMBER
International Standard Book Number 8433533347
040 ## - CATALOGING SOURCE
Original cataloging agency CO-JMCR
Transcribing agency CO-JMCR
041 1# - LANGUAGE CODE
Language code of text/sound track or separate title spa
Language code of original eng
082 04 - DEWEY DECIMAL CLASSIFICATION NUMBER
Classification number 332.41 /
Item number B118n
Edition number 23
100 1# - MAIN ENTRY--PERSONAL NAME
Personal name Bach, G.L.,
Relator term autor
9 (RLIN) 27578
245 13 - TITLE STATEMENT
Title La nueva inflación /
Statement of responsibility, etc. G. L. Bach ; traducción de Agustín Gil Lasierra
260 ## - PUBLICATION, DISTRIBUTION, ETC.
Place of publication, distribution, etc. Barcelona :
Name of publisher, distributor, etc. Labor,
Date of publication, distribution, etc. 1974.
300 ## - PHYSICAL DESCRIPTION
Extent 161 páginas :
Other physical details ilustraciones y gráficas en blanco y negro ;
Dimensions 19 cm.
490 0# - SERIES STATEMENT
Series statement Serien de la NCL
501 ## - WITH NOTE
With note Con: notas a pie de página.
505 0# - FORMATTED CONTENTS NOTE
Formatted contents note Vieja y nueva inflación. -- Los efectos económicos de la inflación. -- las perspectivas de una política antiinflacionista. -- Política para una era inflacionaria.
650 14 - SUBJECT ADDED ENTRY--TOPICAL TERM
Topical term or geographic name entry element Teoría inflacionaria
9 (RLIN) 39412
650 24 - SUBJECT ADDED ENTRY--TOPICAL TERM
Topical term or geographic name entry element Efectos económicos
9 (RLIN) 39416
650 24 - SUBJECT ADDED ENTRY--TOPICAL TERM
Topical term or geographic name entry element Política inflacionista
9 (RLIN) 39417
700 1# - ADDED ENTRY--PERSONAL NAME
Personal name Gil Lasierra, Agustín,
Relator term traductor
9 (RLIN) 39418
942 ## - ADDED ENTRY ELEMENTS (KOHA)
Source of classification or shelving scheme Dewey Decimal Classification
Koha item type Books
Existencias
Withdrawn status Lost status Source of classification or shelving scheme Damaged status Not for loan Home library Current library Shelving location Date acquired Source of acquisition Full call number Barcode Date last seen Copy number Price effective from Koha item type
    Dewey Decimal Classification     Biblioteca Pública José María del Castillo y Rada Biblioteca Pública José María del Castillo y Rada General Stacks 04/15/2018 Donación 332.41 / B118n 430002566 05/16/2024 Ej.1 03/10/2021 Books